Vývoj stavebného sektora v EÚ v kontexte cirkulárnej ekonomiky bakalárska práca

Gespeichert in:
Bibliographische Detailangaben
1. Verfasser: Kralčáková, Vanda
Körperschaft: Obchodná fakulta EU. Katedra medzinárodného obchodu
Weitere Verfasser: Donovalová, Alena, 1986-
Format: Buch
Sprache:Slowakisch
Veröffentlicht: Bratislava 2025
Tags: Tag hinzufügen
Keine Tags, Fügen Sie das erste Tag hinzu!

MARC

LEADER 00000nbm a2200000 4500
001 0311060
005 20260319082947.0
041 0 |a slo 
044 |a SK 
245 1 0 |a Vývoj stavebného sektora v EÚ v kontexte cirkulárnej ekonomiky  |b bakalárska práca  |c Vanda Kralčáková ; školiteľ: Alena Donovalová 
264 1 |a Bratislava  |c 2025 
300 |a 51 s. 
100 1 |a Kralčáková, Vanda 
700 1 |a Donovalová, Alena, 1986- 
710 2 |a Obchodná fakulta EU. Katedra medzinárodného obchodu